| Tag |
First Indicator |
Second Indicator |
Subfields |
| LEADER |
00000cam a2200000 4500 |
| 001 |
in00000078168 |
| 005 |
20151008060647.0 |
| 008 |
710831s1971 dcu b 10100 engm |
| 010 |
|
|
|a 77156974
|
| 020 |
|
|
|a 0841201145 (v. 1)
|
| 020 |
|
|
|a 0841201153 (v. 2)
|
| 035 |
|
|
|a (OCoLC)00161338
|
| 035 |
|
|
|9 AAJ6271AM
|
| 040 |
|
|
|a DLC
|c DLC
|d m.c.
|d TXA
|d UtOrBLW
|
| 049 |
|
|
|a TXAM
|c 1
|v 1 [1022439]
|v 2 [1022449]
|c 2
|v 1 [1502607]
|v 2 [1502608]
|
| 050 |
0 |
0 |
|a QD1
|b A355 no.101-102
|
| 082 |
0 |
|
|a 661/.06/8324
|
| 111 |
2 |
|
|a International Conference on Molecular Sieve Zeolites
|n (2d :
|d 1970 :
|c Worcester Polytechnic Institute)
|
| 245 |
1 |
0 |
|a Molecular sieve zeolites /
|c Edith M. Flanigen [and] Leonard B. Sand, conference co-chairmen.
|
| 264 |
|
1 |
|a Washington :
|b American Chemical Society,
|c 1971.
|
| 300 |
|
|
|a 2 volumes ;
|c 24 cm.
|
| 336 |
|
|
|a text
|b txt
|2 rdacontent
|
| 337 |
|
|
|a unmediated
|b n
|2 rdamedia
|
| 338 |
|
|
|a volume
|b nc
|2 rdacarrier
|
| 490 |
1 |
|
|a Advances in chemistry series,
|v 101-102
|
| 500 |
|
|
|a Co-sponsored by the Division of Colloid and Surface Chemistry of the American Chemical Society, and others, at Worcester Polytechnic Institute, Worcester, Mass., Sept. 8-11, 1970.
|
| 504 |
|
|
|a Includes bibliographies.
|
| 650 |
|
0 |
|a Zeolites
|v Congresses.
|
| 650 |
|
0 |
|a Molecular sieves
|x Congresses.
|
| 700 |
1 |
|
|a Flanigen, Edith M.,
|d 1929-
|
| 700 |
1 |
|
|a Sand, Leonard B.,
|d 1922-
|
| 710 |
2 |
|
|a American Chemical Society.
|b Division of Colloid and Surface Chemistry.
|
| 830 |
|
0 |
|a Advances in chemistry series ;
|v 101-102.
|
| 999 |
|
|
|a MARS
|
| 999 |
f |
f |
|s 5a14ff25-6da5-3d4c-a090-c416521e05e1
|i ebee9b26-f766-33ef-9416-5287c6c2e95d
|t 0
|
| 952 |
f |
f |
|p ric
|a Texas A&M University
|b Rellis Campus
|c Joint Library Facility
|s JLF
|d Remote Storage
|t 0
|e QD1 .A355 no.101
|h Library of Congress classification
|i unmediated -- volume
|k v.1=no.101
|m A14804666376
|
| 952 |
f |
f |
|p ric
|a Texas A&M University
|b Rellis Campus
|c Joint Library Facility
|s JLF
|d Remote Storage
|t 0
|e QD1 .A355 no.102
|h Library of Congress classification
|i unmediated -- volume
|m A14806210294
|
| 998 |
f |
f |
|a QD1 .A355 no.102
|s v.2=no.102
|t 0
|l Remote Storage
|
| 998 |
f |
f |
|a QD1 .A355 no.101
|s v.1=no.101
|t 0
|l Remote Storage
|